Normal view
MARC view
Entry Uniform Title
001 - CONTROL NUMBER
- control field: 1026
003 - CONTROL NUMBER IDENTIFIER
- control field: BD-RjUL
005 - DATE AND TIME OF LATEST TRANSACTION
- control field: 20220131115530.0
008 - FIXED-LENGTH DATA ELEMENTS
- fixed length control field: 220131|| aca||aabn | a|a d
040 ## - CATALOGING SOURCE
- Original cataloging agency: BD-RjUL
- Transcribing agency: BD-RjUL
130 ## - HEADING--UNIFORM TITLE
- Uniform title: Arab ammunition ;; ذخائر العرب
670 ## - SOURCE DATA FOUND
- Source citation: Work cat.: (BD-RjUL)79292: ابن الخطيب ;;،Ibn al-Khatib م. ١٣٧٤ 1021, الاحاطة في اخبار غرناطة ;; al ahatat fi akhbar gharnatat /, [١٩٥٦]1956